[Event "Qatar Masters Open 2015"]
[Site "Doha QAT"]
[Date "2015.12.28"]
[Round "8.55"]
[White "Moroni, Luca Jr"]
[Black "Fang, Yuxiang"]
[Result "1-0"]
[WhiteElo "2466"]
[BlackElo "2438"]
[PlyCount "83"]
[EventDate "2015.12.20"]
[EventType "swiss"]
[EventRounds "9"]
[EventCountry "QAT"]
[Source "lmi"]
[SourceDate "2015.12.20"]

1. c4 c6 2. Nf3 d5 3. b3 Nf6 4. Bb2 Bg4 5. e3 Nbd7 6. Be2 e6 7. h3 Bh5 8. O-O
Bd6 9. Nd4 Bxe2 10. Qxe2 O-O 11. f4 a6 12. d3 c5 13. Nf3 b5 14. Nbd2 Nb6 15.
Rad1 bxc4 16. dxc4 a5 17. Qd3 a4 18. Ng5 g6 19. Qc3 d4 20. exd4 cxd4 21. Qxd4
Be7 22. Qc3 axb3 23. Nde4 Na4 24. Nxf6+ Bxf6 25. Qxf6 Qxf6 26. Bxf6 bxa2 27.
Ra1 Nc5 28. Be7 Rfc8 29. Rf2 h6 30. Nf3 Ra7 31. Bxc5 Rxc5 32. Rc2 Rca5 33. Ne5
Ra4 34. c5 f6 35. c6 Rc7 36. Nd7 Kf7 37. Rcxa2 Rxa2 38. Rxa2 Rxc6 39. Ra7 Rc1+
40. Kh2 Ke7 41. Ne5+ Kd6 42. Rd7+ 1-0

[Event "Qatar Masters Open 2015"]
[Site "Doha QAT"]
[Date "2015.12.28"]
[Round "8.56"]
[White "Mohammad, Nubairshah Shaikh"]
[Black "Sagar, Shah"]
[Result "1-0"]
[WhiteElo "2414"]
[BlackElo "2441"]
[PlyCount "75"]
[EventDate "2015.12.20"]
[EventType "swiss"]
[EventRounds "9"]
[EventCountry "QAT"]
[Source "lmi"]
[SourceDate "2015.12.20"]

1. d4 Nf6 2. c4 e6 3. Nc3 Bb4 4. Qc2 O-O 5. e4 d5 6. e5 Ne4 7. Bd3 c5 8. Nge2
cxd4 9. Nxd4 Nc5 10. Bxh7+ Kh8 11. cxd5 Qh4 12. a3 Ba5 13. b4 Qxd4 14. Be3 Qxe5
15. O-O-O Nba6 16. Rd4 Bd8 17. bxc5 f5 18. Bg6 f4 19. Re4 Qg5 20. Rxf4 Rxf4 21.
g3 e5 22. gxf4 exf4 23. Qe4 Bd7 24. Bd4 Rc8 25. h4 Qh6 26. Kc2 Bf6 27. c6 bxc6
28. h5 Nc7 29. dxc6 Be6 30. Bxf6 gxf6 31. Rd1 Qg5 32. Rd7 Qe5 33. Qxe5 fxe5 34.
Re7 a6 35. h6 Nb5 36. Nxb5 Rxc6+ 37. Nc3 Bg8 38. h7 1-0

[Event "Qatar Masters Open 2015"]
[Site "Doha QAT"]
[Date "2015.12.28"]
[Round "8.58"]
[White "Ezat, Mohamed"]
[Black "Dai, Changren"]
[Result "0-1"]
[WhiteElo "2490"]
[BlackElo "2328"]
[PlyCount "50"]
[EventDate "2015.12.20"]
[EventType "swiss"]
[EventRounds "9"]
[EventCountry "QAT"]
[Source "lmi"]
[SourceDate "2015.12.20"]

1. d4 Nf6 2. Nf3 g6 3. Nbd2 Bg7 4. e4 d6 5. Bc4 O-O 6. Qe2 c5 7. dxc5 dxc5 8.
e5 Nd5 9. Ne4 Nc6 10. O-O Bg4 11. Nxc5 Nxe5 12. Nxb7 Bxf3 13. Qxe5 Qb6 14. Qg3
Be4 15. Qa3 Qxb7 16. Re1 Nb4 17. Rxe4 Nxc2 18. Qa4 Nxa1 19. Bg5 e6 20. Re1 Qxb2
21. h4 Nc2 22. Re2 Qb1+ 23. Kh2 Nd4 24. Re3 Qf5 25. Kg1 Rfc8 0-1

[Event "Qatar Masters Open 2015"]
[Site "Doha QAT"]
[Date "2015.12.28"]
[Round "8.59"]
[White "Bivol, Alina"]
[Black "Tabatabaei, M.Amin"]
[Result "0-1"]
[WhiteElo "2344"]
[BlackElo "2482"]
[PlyCount "38"]
[EventDate "2015.12.20"]
[EventType "swiss"]
[EventRounds "9"]
[EventCountry "QAT"]
[Source "lmi"]
[SourceDate "2015.12.20"]

1. Nf3 Nf6 2. c4 c5 3. Nc3 Nc6 4. d4 cxd4 5. Nxd4 e6 6. g3 Qb6 7. Ndb5 Ne5 8.
Bf4 Nfg4 9. e3 a6 10. Qa4 Ra7 11. Be2 axb5 12. Qxb5 Qd8 13. b4 b6 14. h3 Ba6
15. Qa4 Qa8 16. O-O-O Bxc4 17. Qc2 Bxe2 18. Qxe2 Rc7 19. Kb2 Rxc3 0-1

[Event "Qatar Masters Open 2015"]
[Site "Doha QAT"]
[Date "2015.12.28"]
[Round "8.60"]
[White "Lorparizangeneh, Shahin"]
[Black "Piasetski, Leon"]
[Result "1-0"]
[WhiteElo "2454"]
[BlackElo "2287"]
[PlyCount "97"]
[EventDate "2015.12.20"]
[EventType "swiss"]
[EventRounds "9"]
[EventCountry "QAT"]
[Source "lmi"]
[SourceDate "2015.12.20"]

1. c4 e5 2. Nc3 Nc6 3. g3 g6 4. Bg2 Bg7 5. d3 d6 6. e4 Nd4 7. Nce2 Nxe2 8. Nxe2
f5 9. exf5 gxf5 10. d4 Qe7 11. O-O Nf6 12. Re1 O-O 13. b3 Qf7 14. Ba3 Re8 15.
Rc1 Bh6 16. Rc2 f4 17. Nc3 Bg4 18. f3 Bf5 19. Rce2 exd4 20. Qxd4 fxg3 21. hxg3
Rxe2 22. Rxe2 Bg7 23. Qd2 Re8 24. Bb2 Rxe2 25. Nxe2 Qe7 26. Nf4 c6 27. Qa5 Bc8
28. Qxa7 Ng4 29. fxg4 Bxb2 30. Qb8 Bd4+ 31. Kh2 Qf8 32. g5 Be3 33. Bh3 Bxf4 34.
Bxc8 Be5 35. Be6+ Kg7 36. Qxb7+ Kg6 37. Qxc6 Qf2+ 38. Qg2 Qe3 39. Qc2+ Kg7 40.
Qg2 Qxg5 41. Qb7+ Kh6 42. Qf3 Qd2+ 43. Kh3 Qe1 44. a4 Kg5 45. Qg4+ Kh6 46. Bd5
Qc3 47. Be4 Qxb3 48. Qh4+ Kg7 49. Qe7+ 1-0

[Event "Qatar Masters Open 2015"]
[Site "Doha QAT"]
[Date "2015.12.28"]
[Round "8.61"]
[White "Pourkashiyan, Atousa"]
[Black "Padmini, Rout"]
[Result "1/2-1/2"]
[WhiteElo "2322"]
[BlackElo "2437"]
[PlyCount "104"]
[EventDate "2015.12.20"]
[EventType "swiss"]
[EventRounds "9"]
[EventCountry "QAT"]
[Source "lmi"]
[SourceDate "2015.12.20"]

1. e4 c5 2. Nf3 e6 3. d4 cxd4 4. Nxd4 Nc6 5. Nc3 Qc7 6. Be3 a6 7. Qd2 Nf6 8.
O-O-O b5 9. f3 Be7 10. g4 Nxd4 11. Bxd4 Bb7 12. g5 Nh5 13. Be5 Qxe5 14. Qxd7+
Kf8 15. Qxb7 Qb8 16. Qxb8+ Rxb8 17. Rg1 Bc5 18. Rg4 Ke7 19. Kd2 Bd4 20. f4 h6
21. h4 b4 22. Na4 Rbd8 23. Bd3 hxg5 24. hxg5 e5 25. fxe5 Bxe5 26. Rh1 Nf4 27.
Rgh4 Rxh4 28. Rxh4 Nxd3 29. cxd3 Bd4 30. Kc2 a5 31. Rh3 g6 32. Kb3 Rc8 33. Rh1
Ke6 34. Re1 Rc6 35. Rf1 Rc7 36. Re1 Ke5 37. Rf1 Be3 38. Rf6 Rd7 39. Kc4 Bxg5
40. Rf3 f5 41. exf5 gxf5 42. Nc5 Rd4+ 43. Kb5 Rd5 44. Kc4 Rd8 45. Kb5 Be7 46.
Re3+ Kf6 47. Re6+ Kf7 48. Re5 Kf6 49. Re6+ Kf7 50. Re5 Kf6 51. Re6+ Kf7 52. Re5
Kf6 1/2-1/2

[Event "Qatar Masters Open 2015"]
[Site "Doha QAT"]
[Date "2015.12.28"]
[Round "8.62"]
[White "Seyb, Alexander"]
[Black "Pratyusha, Bodda"]
[Result "1-0"]
[WhiteElo "2425"]
[BlackElo "2260"]
[PlyCount "35"]
[EventDate "2015.12.20"]
[EventType "swiss"]
[EventRounds "9"]
[EventCountry "QAT"]
[Source "lmi"]
[SourceDate "2015.12.20"]

1. e4 c5 2. Nf3 e6 3. d4 cxd4 4. Nxd4 Nc6 5. Nc3 Qc7 6. Be3 a6 7. Qd2 Nf6 8.
O-O-O Be7 9. f3 b5 10. Kb1 Bb7 11. Bf4 Qb6 12. Nb3 d6 13. Bxd6 O-O-O 14. Qf4 g5
15. Qg3 Bxd6 16. Rxd6 b4 17. Na4 Qe3 18. Bxa6 1-0

[Event "Qatar Masters Open 2015"]
[Site "Doha QAT"]
[Date "2015.12.28"]
[Round "8.63"]
[White "Goriatchkin, Jouri"]
[Black "Haria, Ravi"]
[Result "0-1"]
[WhiteElo "2318"]
[BlackElo "2416"]
[PlyCount "82"]
[EventDate "2015.12.20"]
[EventType "swiss"]
[EventRounds "9"]
[EventCountry "QAT"]
[Source "lmi"]
[SourceDate "2015.12.20"]

1. c4 e6 2. g3 d5 3. Bg2 Nf6 4. d4 Be7 5. Nf3 O-O 6. O-O dxc4 7. Ne5 c5 8. dxc5
Qc7 9. Nxc4 Rd8 10. Qb3 Nc6 11. Be3 e5 12. Nc3 Nd4 13. Bxd4 exd4 14. Na4 Be6
15. Rac1 Rab8 16. Qd3 Bd5 17. Bxd5 Rxd5 18. Nd2 Qd7 19. b3 Re8 20. Rc4 Ng4 21.
Nf3 Bf6 22. Rd1 Rd8 23. Nb2 h5 24. Qc2 h4 25. Nd3 hxg3 26. hxg3 Bg5 27. Kg2 Be3
28. Nb4 Nxf2 29. Rh1 Nxh1 30. Nxd5 Qxd5 31. Kxh1 d3 32. Qd1 d2 33. Kg2 Qe6 34.
Rc3 g5 35. Rd3 Rxd3 36. exd3 Qd5 37. Kh3 Qxd3 38. b4 Qf5+ 39. Kg2 g4 40. Nxd2
Qf2+ 41. Kh1 Qxg3 0-1

[Event "Qatar Masters Open 2015"]
[Site "Doha QAT"]
[Date "2015.12.28"]
[Round "8.64"]
[White "Gholami, Aryan"]
[Black "Slavin, Alexey"]
[Result "0-1"]
[WhiteElo "2422"]
[BlackElo "2388"]
[PlyCount "72"]
[EventDate "2015.12.20"]
[EventType "swiss"]
[EventRounds "9"]
[EventCountry "QAT"]
[Source "lmi"]
[SourceDate "2015.12.20"]

1. e4 e5 2. Nf3 Nc6 3. Bc4 Bc5 4. c3 Nf6 5. d4 exd4 6. e5 d5 7. Be2 d3 8. exf6
dxe2 9. Qxe2+ Be6 10. fxg7 Rg8 11. Bg5 Be7 12. Bh6 Bf6 13. Nbd2 Qe7 14. O-O-O
O-O-O 15. Nb3 Bxg7 16. Bg5 Bf6 17. Bxf6 Qxf6 18. Nc5 a6 19. Nxe6 fxe6 20. g3 e5
21. Nd2 Qf5 22. Rhf1 Rg6 23. f4 Nd4 24. cxd4 Rc6+ 25. Nc4 Rxc4+ 26. Qxc4 dxc4
27. dxe5 Rxd1+ 28. Rxd1 Qe4 29. Rd2 b5 30. a3 a5 31. Kd1 b4 32. axb4 axb4 33.
Rf2 Qd3+ 34. Rd2 Qf1+ 35. Kc2 b3+ 36. Kc3 Qc1+ 0-1

[Event "Qatar Masters Open 2015"]
[Site "Doha QAT"]
[Date "2015.12.28"]
[Round "8.65"]
[White "Li, Ruofan"]
[Black "Christiansen, Johan-Sebastian"]
[Result "1-0"]
[WhiteElo "2372"]
[BlackElo "2385"]
[PlyCount "95"]
[EventDate "2015.12.20"]
[EventType "swiss"]
[EventRounds "9"]
[EventCountry "QAT"]
[Source "lmi"]
[SourceDate "2015.12.20"]

1. d4 f5 2. g3 Nf6 3. Bg2 g6 4. Nf3 Bg7 5. O-O O-O 6. c4 d6 7. b4 e5 8. dxe5
dxe5 9. Qb3 Qe8 10. Nc3 h6 11. e4 f4 12. Bb2 c6 13. gxf4 Nh5 14. Ne2 exf4 15.
Bxg7 Nxg7 16. c5+ Kh8 17. Qc3 a5 18. bxa5 Bg4 19. Rab1 Ra7 20. Rb2 Nd7 21. Ned4
Nf6 22. Re1 Rf7 23. Nb3 Nd7 24. Nbd2 Re7 25. Nc4 Rxe4 26. Rxe4 Qxe4 27. Nfe5 f3
28. Nd6 Qa4 29. Ndf7+ Kh7 30. Bxf3 Bxf3 31. Qxf3 Qd4 32. Nxd7 Qxd7 33. Nd6 Qe7
34. Qf4 Qd7 35. Ne4 Nh5 36. Rd2 Qe7 37. Qg4 Ng7 38. Rd7 Qe5 39. Qf3 Ra8 40. Qf7
Kh8 41. Qxg6 Rf8 42. Qxh6+ Kg8 43. Qg6 Qa1+ 44. Kg2 Qe5 45. h4 Rf4 46. Rd8+ Rf8
47. Nf6+ Qxf6 48. Qxf6 1-0

[Event "Qatar Masters Open 2015"]
[Site "Doha QAT"]
[Date "2015.12.29"]
[Round "9.10"]
[White "Lin, Chen"]
[Black "Ni, Hua"]
[Result "0-1"]
[WhiteElo "2532"]
[BlackElo "2693"]
[PlyCount "78"]
[EventDate "2015.12.20"]
[EventType "swiss"]
[EventRounds "9"]
[EventCountry "QAT"]
[Source "lmi"]
[SourceDate "2015.12.20"]

1. e4 c5 2. Nf3 e6 3. d4 cxd4 4. Nxd4 Nc6 5. Nc3 Qc7 6. Be2 a6 7. O-O Nf6 8.
Be3 Be7 9. f4 d6 10. Kh1 O-O 11. a4 Nxd4 12. Qxd4 Bd7 13. a5 Rac8 14. Qd3 Bc6
15. f5 exf5 16. Rxf5 Nd7 17. Bd4 Bf6 18. Raf1 Bxd4 19. Qxd4 Ne5 20. Qb4 Bd7 21.
R5f2 Be6 22. Nd5 Bxd5 23. exd5 Rfe8 24. c4 Re7 25. b3 Rce8 26. h3 Nd7 27. Bd3
Nf6 28. Rxf6 gxf6 29. Qc3 Re5 30. Qd4 Qe7 31. Bf5 Re1 32. Qg4+ Kf8 33. Rxe1
Qxe1+ 34. Kh2 Qe5+ 35. Kh1 Qe1+ 36. Kh2 Qe5+ 37. Kh1 Qa1+ 38. Kh2 Re3 39. Qf4
Qe5 0-1

[Event "Qatar Masters Open 2015"]
[Site "Doha QAT"]
[Date "2015.12.29"]
[Round "9.11"]
[White "Khismatullin, Denis"]
[Black "Li, Chao B"]
[Result "1/2-1/2"]
[WhiteElo "2654"]
[BlackElo "2750"]
[PlyCount "150"]
[EventDate "2015.12.20"]
[EventType "swiss"]
[EventRounds "9"]
[EventCountry "QAT"]
[Source "lmi"]
[SourceDate "2015.12.20"]

1. Nf3 d5 2. g3 g6 3. c4 d4 4. b4 Bg7 5. d3 Nf6 6. Bg2 O-O 7. O-O c5 8. Nbd2
cxb4 9. Nb3 Nc6 10. a3 bxa3 11. Bxa3 Re8 12. Qc2 Bg4 13. h3 Bxf3 14. Bxf3 Qc7
15. Rfb1 Nd7 16. Nd2 Rac8 17. Qa4 b6 18. Nb3 e5 19. c5 Bh6 20. Ra2 Nd8 21. Bb4
Nf6 22. Qxa7 Qxa7 23. Rxa7 Bf8 24. Ra6 Nd7 25. c6 Nxc6 26. Bxf8 Kxf8 27. Nd2
Rc7 28. Nc4 Rb8 29. Nxb6 Kg7 30. Kg2 Ne7 31. Rb2 f5 32. Na8 Rxb2 33. Nxc7 Kf7
34. Ne6 h6 35. Rd6 Rb6 36. Nd8+ Ke8 37. Rxb6 Nxb6 38. Nb7 Kf7 39. Nc5 Ned5 40.
h4 Ke7 41. Bxd5 Nxd5 42. Nb3 Kd6 43. f4 Ne3+ 44. Kf2 Kd5 45. fxe5 Kxe5 46. Nd2
Kf6 47. Nf3 Nc2 48. Nd2 g5 49. hxg5+ hxg5 50. Nc4 Nb4 51. Nb2 Ke5 52. e3 dxe3+
53. Kxe3 Nd5+ 54. Ke2 Kd4 55. Nc4 g4 56. Nd6 Ke5 57. Nc4+ Ke6 58. Ne3 Nf6 59.
Kf2 Nh5 60. Ng2 Ke5 61. Ne3 Ng7 62. Ke2 Kd4 63. Nc2+ Kd5 64. Ne3+ Ke5 65. Nc4+
Kf6 66. Ne3 Ke6 67. Kf2 Ne8 68. Ng2 Nf6 69. Nf4+ Kd6 70. Ke3 Kc5 71. Ne6+ Kd6
72. Ng7 Nd5+ 73. Kd4 f4 74. gxf4 Nxf4 75. Ke4 Nxd3 1/2-1/2

[Event "Qatar Masters Open 2015"]
[Site "Doha QAT"]
[Date "2015.12.29"]
[Round "9.15"]
[White "Howell, David W L"]
[Black "Grandelius, Nils"]
[Result "1/2-1/2"]
[WhiteElo "2688"]
[BlackElo "2632"]
[PlyCount "141"]
[EventDate "2015.12.20"]
[EventType "swiss"]
[EventRounds "9"]
[EventCountry "QAT"]
[Source "lmi"]
[SourceDate "2015.12.20"]

1. Nf3 d5 2. g3 g6 3. Bg2 Bg7 4. d4 Nf6 5. O-O O-O 6. c4 dxc4 7. Na3 c3 8. bxc3
c5 9. Ne5 Nc6 10. Nac4 Nd5 11. Nxc6 bxc6 12. Bd2 Ba6 13. Ne5 Qc7 14. Re1 Rfd8
15. Qa4 Bb5 16. Qa3 Nb6 17. Bf4 g5 18. Be3 cxd4 19. cxd4 Bxe5 20. dxe5 Qxe5 21.
Qc1 h6 22. f4 Qe6 23. fxg5 hxg5 24. Bxg5 f6 25. Bh6 Rd4 26. Qc2 f5 27. Bg5 Rg4
28. Bf4 Nd5 29. e3 Rg7 30. a4 Ba6 31. Qc5 Bd3 32. Rac1 Be4 33. Bxe4 Qxe4 34.
Qxc6 Nb4 35. Qxe4 fxe4 36. Red1 Nd3 37. Rc6 e5 38. Bh6 Rb7 39. Rf1 Rb6 40. Rff6
Rxc6 41. Rxc6 Rb8 42. Kg2 Rb6 43. Rc8+ Kf7 44. Bf8 Rb2+ 45. Kh3 Nf2+ 46. Kh4
Nd1 47. Bc5 Rxh2+ 48. Kg5 Rc2 49. Rc7+ Ke6 50. Re7+ Kd5 51. Bxa7 Nb2 52. a5 Nc4
53. Bb6 Rb2 54. g4 Kd6 55. Re8 Kd7 56. Rd8+ Ke6 57. Rf8 Rb3 58. Kh6 Nxe3 59.
Bxe3 Rxe3 60. g5 Rf3 61. Rxf3 exf3 62. a6 f2 63. a7 f1=Q 64. a8=Q Qf4 65. Qe8+
Kd5 66. Qd7+ Kc4 67. Qe6+ Kd3 68. Qd6+ Ke3 69. Qb6+ Kf3 70. Qb3+ Kf2 71. Qc2+
1/2-1/2

[Event "Qatar Masters Open 2015"]
[Site "Doha QAT"]
[Date "2015.12.29"]
[Round "9.16"]
[White "Naroditsky, Daniel"]
[Black "Fedoseev, Vladimir"]
[Result "1/2-1/2"]
[WhiteElo "2628"]
[BlackElo "2664"]
[PlyCount "67"]
[EventDate "2015.12.20"]
[EventType "swiss"]
[EventRounds "9"]
[EventCountry "QAT"]
[Source "lmi"]
[SourceDate "2015.12.20"]

1. d4 Nf6 2. c4 g6 3. f3 d5 4. cxd5 Nxd5 5. e4 Nb6 6. Be3 Bg7 7. Nc3 O-O 8. Qd2
e5 9. d5 c6 10. h4 cxd5 11. exd5 N8d7 12. h5 Nf6 13. hxg6 fxg6 14. O-O-O Bd7
15. Kb1 Rc8 16. d6 e4 17. Ka1 Na4 18. Nxa4 Bxa4 19. Rc1 Rxc1+ 20. Qxc1 b5 21.
Ne2 Re8 22. Bc5 Qa5 23. Kb1 exf3 24. gxf3 Nd7 25. Bd4 Rxe2 26. Bxe2 Bxd4 27.
Qc8+ Nf8 28. Bc4+ bxc4 29. Qxc4+ Kh8 30. Qxd4+ Kg8 31. Qc4+ Kh8 32. Qd4+ Kg8
33. Qc4+ Kh8 34. Qd4+ 1/2-1/2

[Event "Qatar Masters Open 2015"]
[Site "Doha QAT"]
[Date "2015.12.29"]
[Round "9.17"]
[White "Duda, Jan-Krzysztof"]
[Black "Lenderman, Aleksandr"]
[Result "1-0"]
[WhiteElo "2663"]
[BlackElo "2626"]
[PlyCount "105"]
[EventDate "2015.12.20"]
[EventType "swiss"]
[EventRounds "9"]
[EventCountry "QAT"]
[Source "lmi"]
[SourceDate "2015.12.20"]

1. d4 e6 2. c4 f5 3. g3 Nf6 4. Bg2 c6 5. Nf3 d5 6. O-O Bd6 7. b3 Qe7 8. Bb2 b6
9. Qc1 Bb7 10. Ba3 Bxa3 11. Qxa3 Qxa3 12. Nxa3 Nbd7 13. Rac1 Ke7 14. cxd5 exd5
15. Rfd1 a5 16. Ne1 Rhc8 17. Nd3 Ba6 18. Nb1 a4 19. Nc3 axb3 20. axb3 Kd6 21.
Nb4 Bb7 22. e3 Ne4 23. Na4 Ra5 24. f3 Nef6 25. Nc3 Re8 26. Nc2 Raa8 27. Kf2 g6
28. h3 Rf8 29. Rd2 Rf7 30. Bf1 Rff8 31. Be2 h5 32. h4 Rfc8 33. Nb4 Ke7 34. Nd3
Ra3 35. b4 b5 36. Rdc2 Rca8 37. Nf4 Rg8 38. Ra2 Rxa2 39. Nxa2 Kf7 40. Rc2 Ra8
41. Nc1 Nb8 42. Bxb5 Nfd7 43. Be2 Ra1 44. b5 Rb1 45. Na2 Nb6 46. Nc3 Ra1 47.
bxc6 Bxc6 48. Ncxd5 Nxd5 49. Bc4 Ra5 50. e4 fxe4 51. fxe4 Nd7 52. Bxd5+ Bxd5
53. Nxd5 1-0

[Event "Qatar Masters Open 2015"]
[Site "Doha QAT"]
[Date "2015.12.29"]
[Round "9.20"]
[White "Matlakov, Maxim"]
[Black "Bok, Benjamin"]
[Result "1-0"]
[WhiteElo "2684"]
[BlackElo "2594"]
[PlyCount "75"]
[EventDate "2015.12.20"]
[EventType "swiss"]
[EventRounds "9"]
[EventCountry "QAT"]
[Source "lmi"]
[SourceDate "2015.12.20"]

1. Nf3 Nf6 2. c4 c5 3. d4 cxd4 4. Nxd4 e6 5. g3 d5 6. Bg2 e5 7. Nf3 d4 8. O-O
Nc6 9. e3 Be7 10. exd4 exd4 11. Bf4 O-O 12. Ne5 Qb6 13. Re1 Qxb2 14. Nd2 Nxe5
15. Rb1 Qa3 16. Bxe5 Bg4 17. Bxf6 Bxd1 18. Bxe7 Rfe8 19. Bxa3 Rxe1+ 20. Nf1 a5
21. Bb2 Rae8 22. Bxd4 Bg4 23. Rxb7 h5 24. c5 Rd8 25. Bc3 Rc1 26. Bb2 Rxc5 27.
Ne3 Be6 28. a4 Rcc8 29. Rb5 Rb8 30. Be5 Rxb5 31. axb5 a4 32. b6 a3 33. b7 a2
34. Nc2 a1=Q+ 35. Nxa1 Rd1+ 36. Bf1 Bh3 37. b8=Q+ Kh7 38. Qb5 1-0

[Event "Qatar Masters Open 2015"]
[Site "Doha QAT"]
[Date "2015.12.29"]
[Round "9.22"]
[White "Adhiban, B."]
[Black "Bluebaum, Matthias"]
[Result "1/2-1/2"]
[WhiteElo "2669"]
[BlackElo "2590"]
[PlyCount "123"]
[EventDate "2015.12.20"]
[EventType "swiss"]
[EventRounds "9"]
[EventCountry "QAT"]
[Source "lmi"]
[SourceDate "2015.12.20"]

1. e4 e6 2. d4 d5 3. Nc3 Nf6 4. e5 Nfd7 5. f4 c5 6. Nf3 Be7 7. Be3 O-O 8. Qd2
b6 9. Nd1 cxd4 10. Nxd4 Bb7 11. Be2 Nc6 12. O-O Nc5 13. Nf2 Qd7 14. c3 Rfc8 15.
Rad1 Nxd4 16. Bxd4 Qa4 17. b3 Qa3 18. Bg4 Rc7 19. f5 exf5 20. Bxf5 Bc8 21. Ng4
Bxf5 22. Rxf5 Ne6 23. Rdf1 Bc5 24. Rh5 Bxd4+ 25. cxd4 Rac8 26. Ne3 Rc1 27. Rhf5
Rxf1+ 28. Rxf1 Qa5 29. Qf2 Rc7 30. Nf5 Qc3 31. Qh4 Qd2 32. h3 Rc2 33. Qg4 Rc1
34. Rxc1 Qxc1+ 35. Kh2 Kf8 36. Nd6 a6 37. a4 g6 38. b4 Qe3 39. b5 axb5 40. Nxb5
Qb3 41. Qf3 Qxf3 42. gxf3 f6 43. Kg3 fxe5 44. dxe5 Nc5 45. f4 Nxa4 46. f5 gxf5
47. Kf4 Nc5 48. Kxf5 Ke7 49. Nd4 b5 50. e6 b4 51. Nc6+ Kd6 52. e7 Kd7 53. Nxb4
Kxe7 54. Nxd5+ Kf7 55. Nf6 h6 56. Ng4 Kg7 57. Ne5 Nb7 58. h4 Nd6+ 59. Ke6 Ne4
60. Kf5 Nd6+ 61. Ke6 Ne4 62. Kf5 1/2-1/2

[Event "Qatar Masters Open 2015"]
[Site "Doha QAT"]
[Date "2015.12.29"]
[Round "9.26"]
[White "Ipatov, Alexander"]
[Black "Saduakassova, Dinara"]
[Result "1-0"]
[WhiteElo "2619"]
[BlackElo "2407"]
[PlyCount "71"]
[EventDate "2015.12.20"]
[EventType "swiss"]
[EventRounds "9"]
[EventCountry "QAT"]
[Source "lmi"]
[SourceDate "2015.12.20"]

1. d4 Nf6 2. c4 e6 3. Nc3 Bb4 4. Nf3 O-O 5. Bg5 h6 6. Bh4 c5 7. Rc1 cxd4 8.
Nxd4 d5 9. cxd5 Qxd5 10. Bxf6 gxf6 11. a3 Nc6 12. Nxc6 Bxc3+ 13. Rxc3 Qxd1+ 14.
Kxd1 bxc6 15. e3 Rd8+ 16. Kc1 Bb7 17. Be2 c5 18. Rxc5 Rac8 19. Rxc8 Rxc8+ 20.
Kd2 Be4 21. Rc1 Rb8 22. b4 Rd8+ 23. Ke1 Rd7 24. f3 Bb7 25. b5 Kf8 26. a4 Ke7
27. a5 Kd8 28. Rc4 Rc7 29. Kd2 Rxc4 30. Bxc4 Kc7 31. Kc3 Kd6 32. Kb4 f5 33. Bd3
f6 34. e4 f4 35. a6 Bc8 36. b6 1-0

[Event "Qatar Masters Open 2015"]
[Site "Doha QAT"]
[Date "2015.12.29"]
[Round "9.27"]
[White "Dubov, Daniil"]
[Black "Karavade, Eesha"]
[Result "1-0"]
[WhiteElo "2655"]
[BlackElo "2379"]
[PlyCount "75"]
[EventDate "2015.12.20"]
[EventType "swiss"]
[EventRounds "9"]
[EventCountry "QAT"]
[Source "lmi"]
[SourceDate "2015.12.20"]

1. Nf3 d5 2. c4 c6 3. d4 Nf6 4. g3 g6 5. Bg2 Bg7 6. O-O O-O 7. Nbd2 Bf5 8. b3
Ne4 9. Bb2 Nd7 10. Nh4 Nxd2 11. Qxd2 Be6 12. e4 dxe4 13. Bxe4 Bh3 14. Rfe1 Re8
15. Rad1 Nf6 16. Bh1 Qc7 17. d5 cxd5 18. Be5 Qb6 19. cxd5 Rad8 20. Qb2 Nh5 21.
Nf3 Bg4 22. Rd2 Bxf3 23. Bxf3 Bxe5 24. Rxe5 Nf6 25. Rde2 Qd6 26. Qd2 a6 27. Qe1
Kf8 28. Qd2 Kg8 29. Qe3 Kf8 30. Kg2 Rc8 31. h4 h5 32. Qh6+ Kg8 33. Re6 fxe6 34.
Qxg6+ Kh8 35. Rxe6 Qc7 36. Qh6+ Kg8 37. d6 Qc5 38. d7 1-0

[Event "Qatar Masters Open 2015"]
[Site "Doha QAT"]
[Date "2015.12.29"]
[Round "9.28"]
[White "Moiseenko, Alexander"]
[Black "Zhukova, Natalia"]
[Result "1-0"]
[WhiteElo "2689"]
[BlackElo "2488"]
[PlyCount "65"]
[EventDate "2015.12.20"]
[EventType "swiss"]
[EventRounds "9"]
[EventCountry "QAT"]
[Source "lmi"]
[SourceDate "2015.12.20"]

1. d4 d5 2. c4 c6 3. Nc3 Nf6 4. e3 e6 5. Nf3 Nbd7 6. Bd3 dxc4 7. Bxc4 b5 8. Bd3
Bb7 9. e4 b4 10. Na4 c5 11. e5 Nd5 12. O-O cxd4 13. Nxd4 Be7 14. Re1 O-O 15.
Qg4 Re8 16. Bh6 Bf8 17. Rad1 a6 18. h4 f5 19. Qg3 Kh8 20. Bg5 Qa5 21. b3 Nc5
22. Nxc5 Bxc5 23. Bc4 Bxd4 24. Rxd4 Qxa2 25. h5 h6 26. Bxh6 gxh6 27. Qg6 Qa5
28. Qxh6+ Kg8 29. Bxd5 Bxd5 30. Rd3 f4 31. Qxf4 Re7 32. Rg3+ Rg7 33. h6 1-0

[Event "Qatar Masters Open 2015"]
[Site "Doha QAT"]
[Date "2015.12.29"]
[Round "9.29"]
[White "Khairullin, Ildar"]
[Black "Gagare, Shardul"]
[Result "0-1"]
[WhiteElo "2647"]
[BlackElo "2470"]
[PlyCount "114"]
[EventDate "2015.12.20"]
[EventType "swiss"]
[EventRounds "9"]
[EventCountry "QAT"]
[Source "lmi"]
[SourceDate "2015.12.20"]

1. e4 e6 2. d4 d5 3. Nc3 Nf6 4. e5 Nfd7 5. f4 c5 6. Nf3 Nc6 7. Be3 Be7 8. Qd2
O-O 9. dxc5 Bxc5 10. O-O-O Qa5 11. a3 Rb8 12. Nb5 Qxd2+ 13. Kxd2 Bxe3+ 14. Kxe3
f6 15. exf6 Nxf6 16. Ke2 Nh5 17. Ke3 Nxf4 18. g3 Ng6 19. Bh3 Bd7 20. Nc7 Rbc8
21. Nxd5 exd5 22. Bxd7 Rxf3+ 23. Kxf3 Nce5+ 24. Ke3 Nxd7 25. Rxd5 Nb6 26. Rd4
Rxc2 27. Rd8+ Kf7 28. Rf1+ Ke6 29. Re8+ Ne7 30. Kd3 Rc7 31. Re1+ Kf7 32. Rd8
Nd7 33. Kd2 Nc6 34. Rf1+ Nf6 35. Rd3 Ne5 36. Rc3 Rd7+ 37. Kc2 Ke6 38. Re1 Nd5
39. Rc8 Kf5 40. Rf8+ Nf6 41. Rc8 b6 42. Re2 h5 43. b4 g5 44. h3 Nf3 45. Rf2 g4
46. hxg4+ hxg4 47. Rf8 Kg5 48. Kb2 Ne4 49. Rg8+ Kf5 50. Rf8+ Kg6 51. Re2 Nxg3
52. Rg2 Rd2+ 53. Rxd2 Nxd2 54. Kc3 Kg7 55. Ra8 Nge4+ 56. Kd3 g3 57. Rxa7+ Kf6
0-1

[Event "Qatar Masters Open 2015"]
[Site "Doha QAT"]
[Date "2015.12.29"]
[Round "9.30"]
[White "Bartel, Mateusz"]
[Black "Venkatesh, M.R."]
[Result "1-0"]
[WhiteElo "2620"]
[BlackElo "2451"]
[PlyCount "79"]
[EventDate "2015.12.20"]
[EventType "swiss"]
[EventRounds "9"]
[EventCountry "QAT"]
[Source "lmi"]
[SourceDate "2015.12.20"]

1. e4 e5 2. Nf3 Nc6 3. Bb5 g6 4. d4 exd4 5. c3 a6 6. Bc4 Bg7 7. cxd4 b5 8. Bb3
Nge7 9. d5 Na5 10. Bd2 c5 11. Bc3 Bxc3+ 12. Nxc3 d6 13. h3 O-O 14. O-O f6 15.
Qd2 Kg7 16. Ne2 g5 17. Nh2 Ng6 18. f4 h6 19. Nf3 Ra7 20. f5 Ne5 21. Nxe5 dxe5
22. Ng3 Qb6 23. Qf2 Bd7 24. Rac1 Rc7 25. Bd1 Rb8 26. Bh5 c4 27. Bg6 b4 28. Rfd1
Qd6 29. Qf3 Bb5 30. h4 Nb7 31. Nh5+ Kf8 32. hxg5 hxg5 33. Qh3 Kg8 34. Kf2 Nc5
35. Ng3 Qf8 36. Ke3 Rbb7 37. Rh1 Qg7 38. Rh2 Kf8 39. d6 Rd7 40. Qh8+ 1-0

[Event "Qatar Masters Open 2015"]
[Site "Doha QAT"]
[Date "2015.12.29"]
[Round "9.31"]
[White "Ly, Moulthun"]
[Black "Hamdouchi, Hicham"]
[Result "1-0"]
[WhiteElo "2462"]
[BlackElo "2597"]
[PlyCount "97"]
[EventDate "2015.12.20"]
[EventType "swiss"]
[EventRounds "9"]
[EventCountry "QAT"]
[Source "lmi"]
[SourceDate "2015.12.20"]

1. e4 c5 2. Nf3 Nc6 3. Bb5 g6 4. Bxc6 dxc6 5. d3 Bg7 6. h3 Nf6 7. Nc3 Nd7 8.
Be3 e5 9. Qd2 h6 10. O-O Qe7 11. a3 Nf8 12. b4 Ne6 13. Na4 b6 14. bxc5 b5 15.
Nb2 f5 16. Qe2 O-O 17. c4 f4 18. Bd2 Nxc5 19. cxb5 cxb5 20. Bb4 a5 21. Bxc5
Qxc5 22. Rfc1 Qe7 23. a4 b4 24. Nc4 Qe6 25. Qb2 Re8 26. Rc2 Kh7 27. Rac1 Bd7
28. Qa1 Reb8 29. Rb1 Rc8 30. Rcc1 Be8 31. Ncxe5 b3 32. d4 Rxc1+ 33. Rxc1 Rc8
34. Rb1 Rb8 35. Qc3 Rb4 36. Nd3 Rc4 37. Qxb3 Bxa4 38. Qb7 Bc6 39. Qa6 Rc3 40.
Nc5 Qa2 41. Rf1 Be8 42. Qb7 Qf7 43. Qa8 a4 44. e5 a3 45. Ne4 Rxf3 46. gxf3 Qe6
47. Qxa3 Bd7 48. Rc1 g5 49. Nc5 1-0